000 00612cam a22002171 4500
001 sa 65010773
003 DLC
005 20260227112211.0
008 850827s1964 io ac 000 0 ind
010 _asa 65010773
025 _aPL480:Indo-2415
035 _a(OCoLC)23550117
040 _aDLC
_cMiU
_dDLC
042 _apremarc
050 0 0 _aDD261
_b.H28
100 1 _aHarahap, A. A.
245 1 0 _aFadjar di Djerman.
_bLaporan kisah kelahiran-kembali satu bangsa besar
_c[oleh] A. A. Harahap.
260 _aDjakarta,
_bRiana,
_c1964.
300 _a245 p.
_billus., ports.
_c22 cm.
651 0 _aGermany (East)
999 _c66937
_d66937